000 00471pab a2200181 454500
008 180718b2012 xxu||||| |||| 00| 0 eng d
100 _aAlamgeer, Mohammad
245 _aProtection of people's rights in India: Role of civil society
260 _c2012
300 _ap.123-132.
362 _aJul-Dec
650 _aCivil society - India
650 _aHuman rights - India
650 _aHuman rights
773 _aReview of Politics
908 _aN
909 _a99030
999 _c99029
_d99029